000 01961cam a22004934i 4500
003 PE-LiUPU
005 20250731173552.0
008 150616s r 000 0 d
020 _a0836112334
035 _a(Sirsi) i9780836112337
040 _aPE-LiUPU
_bspa
_cPE-LiUPU
_erda
049 _aPRUA
082 0 4 _a296.387873
_bL67
_221
100 1 _aLind, Millard,
_d1918-,
_eautor.
245 1 0 _aYahweh is a warrior :
_bthe theology of warfare in ancient Israel /
_cMillard C. Lind; prólogo de David Noel Freedman, introd. por John H. Yoder.
264 1 _aScottdale, Pennsylvania :
_bHerald Press,
_c1980.
300 _a232 páginas ;
_c21 centímetros
336 _atext
_2rdacontent
337 _aunmediated
_2rdamedia
338 _avolume
_2rdacarrier
504 _aBibliografía: páginas 177-214.
505 0 _aYahweh as warrior.- Warfare in the patriarchal period.- Warfare in the Exodus.- The conquest as Yahweh's war.- From the judges to king David.- A theology of defeat.- Battles, kings, and prophets.- warfare theology in the deuteronomic writings.- Retrospect and prospect.
526 _aSEG42
526 _aSEG41
526 _aSEG40
526 _aSEG39
526 _aP94
526 _aP87
526 _aP86
526 _aP85
526 _aP77
526 _aP76
526 _aP35
630 _aBiblia.
_pA.T.
_xCrítica, interpretación, etc.
650 0 4 _aDios
_xEnseñanza bíblica.
650 0 4 _aGuerra
_xEnseñanza bíblica.
910 _ajck
_bjvq
_cjck
942 _2ddc
_cBOOK
949 _a296.387873 L67
_wDEWEY
_c1
_i43218
_lCCODEBUL1
_mBUL
_r0
_sY
_tBOOK
_u2015-6-16
_xTEOLOGIA
_zUNKNOWN
_0COMPRA
_o.STAFF. Colección General
994 _aC0
_bPEPRU
596 _a1
999 _a296.387873 L67
_wDEWEY
_c61179
_i43218
_f2021-11-11
_g5
_lCCODEBUL1
_mBUL
_r0
_sY
_tBOOK
_u2015-6-16
_xTEOLOGIA
_zUNKNOWN
_0COMPRA
_o.STAFF. Colección General
_d61179
980 _81
_gALBERTO SANCHEZ Responsable de Automatización